00520nam a22001697a 450000500170000001000140001702000260003103700260005710000200008324500560010326000380015927000700019730000270026750000200029494200170031499900190033120170913164040.0 a1718EN-30 a9788124608395c800.00 bA.K.Pub. & Dist.adpl aSharma, Arvind  aHinduism : cby Arvind Sharma bon its own terms /  c2016aNew DelhibA.K.Pub. & Dist. aVedasri, F-395, Sudarshan Park, Ramesh Nagar, bNew Delhie110015 c23cm(Hb)axviii,279p.  aIncludes index  cEN2ddcmSHA c144528d144528